[Event "POL-chT4 Kujawsko-Pomorskie 1617"]
[Site "Poland"]
[Date "2016.12.11"]
[Round "4.13"]
[White "Kulski, Edward"]
[Black "Graczyk, Piotr"]
[Result "0-1"]
[WhiteElo "1258"]
[BlackElo "1363"]
[PlyCount "92"]
[EventDate "2016.11.06"]
[EventType "team-tourn"]
[EventRounds "11"]
[EventCountry "POL"]
[SourceTitle "EXT 2019"]
[Source "ChessBase"]
[SourceDate "2018.10.10"]
[SourceVersion "1"]
[SourceVersionDate "2018.10.10"]
[SourceQuality "1"]

1. e4 e5 2. d4 exd4 3. Qxd4 Nc6 4. Qe3 d6 5. Bc4 Nf6 6. Nc3 Be7 7. Qg3 Ne5 8. Bd3 Be6 9. h3 Nh5 10. Qe3 h6 11. Nd5 Bg5 12. Qe2 Bxc1 13. Qxh5 Bxd5 14. exd5 Bxb2 15. Rb1 Bc3+ 16. Kd1 0-0 17. Qf5 Nxd3 18. Qxd3 Qf6 19. Nf3 Rfe8 20. h4 Ba5 21. Ng5 hxg5 22. hxg5 Qg6 23. Qh3 Kf8 24. Qd7 Re1+ 25. Rxe1 Bxe1 26. Kxe1 Qxc2 27. Rd1 Re8+ 28. Qxe8+ Kxe8 29. Rd2 Qc1+ 30. Rd1 Qxg5 31. g3 Kd7 32. Rd2 Qe5+ 33. Kf1 f5 34. Kg2 f4 35. Rd3 fxg3 36. Rxg3 c6 37. f4 Qxd5+ 38. Kh3 Qd4 39. Kg4 c5 40. Kg5 c4 41. f5 c3 42. Rg4 Qxg4+ 43. Kxg4 c2 44. Kg5 c1Q+ 45. Kg6 Qg1+ 46. Kf7 d5 0-1

[Event "Wloclawek CC Classic 16th"]
[Site "Wloclawek "]
[Date "2016.??.??"]
[Round "2"]
[White "Rafalski, Kacper"]
[Black "Graczyk, Piotr"]
[Result "1-0"]
[WhiteElo "1517"]
[BlackElo "1297"]
[PlyCount "99"]
[EventDate "2016.04.??"]
[EventType "swiss"]
[EventRounds "7"]
[EventCountry "POL"]
[SourceTitle "EXT 2021"]
[Source "ChessBase"]
[SourceDate "2020.10.23"]
[SourceVersion "1"]
[SourceVersionDate "2020.10.23"]
[SourceQuality "1"]

1. e4 c5 2. Nf3 Nc6 3. d4 cxd4 4. Nxd4 a6 5. Be3 e5 6. Nf3 Nf6 7. Nbd2 Ng4 8. Qe2 Nxe3 9. Qxe3 Be7 10. a4 Nb4 11. Qb3 Nc6 12. Bc4 0-0 13. 0-0 d6 14. h3 Rb8 15. Rfd1 Na5 16. Qd3 b5 17. axb5 Nxc4 18. Nxc4 axb5 19. Nxd6 Be6 20. Nxe5 Rb6 21. Nf5 Qc7 22. Nxe7+ Qxe7 23. Nf3 Bc4 24. Qe3 Re6 25. Nd2 Bd5 26. f3 f5 27. Qa7 fxe4 28. Qxe7 Rxe7 29. fxe4 Bxe4 30. Re1 Rfe8 31. Rxe4 Rxe4 32. Nxe4 Rxe4 33. Ra7 Re1+ 34. Kf2 Rc1 35. Rc7 b4 36. Ke2 b3 37. Kd2 Rb1 38. Kc3 bxc2 39. Kxc2 Rg1 40. g4 Rg3 41. Rc3 Rg2+ 42. Kb3 Kf7 43. Ka3 Kf6 44. b4 Rd2 45. b5 Rd8 46. Kb4 Ke6 47. Re3+ Kd6 48. Rd3+ Kc7 49. b6+ Kc8 50. b7+ 1-0